| 000 | 00974 a2200241 4500 | ||
|---|---|---|---|
| 008 | 080821t xxu||||| |||| 00| 0 eng d | ||
| 010 | _aENG-84982 | ||
| 020 |
_a8185359253 _c425.00 |
||
| 035 | _aEN-68515 | ||
| 037 | _bD.B.Act / Pub | ||
| 082 | _a305.56 | ||
| 100 | _aSingh, R. B. | ||
| 245 |
_aCry for liberation _cby R. B. Singh _bstudy of schedule castes working women in rural Punjab |
||
| 250 | _a1st ed. | ||
| 260 |
_aDelhi _bIndependent Publishing _c2007 |
||
| 260 |
_aDelhi _bAjay Book Distributors |
||
| 270 |
_a4774, Deputy Ganj, Sadar Bazar _bDelhi _cDelhi _e110006 |
||
| 270 |
_a19, Edward Line, Kingsway Camp _bDelhi _cDelhi _e110009 |
||
| 300 |
_axxv, 136 p. _c22 cm. (Hb) |
||
| 500 | _aIncludes bibliographical references and index | ||
| 942 |
_adpl _cEN _k305.56 / SIN _2ddc _h305.56 _mSIN |
||
| 999 |
_c832 _d832 |
||